000 00795nam a2200217 a 4500
001 BRCA_1328
005 20190320203358.0
008 950309s1994 mx-a---##b---#000-0#spa-#
020 _a9687009462
040 _aDLC
_cDLC
050 4 _aNK9581.5.M4
_b.E87 1994
100 1 _aEsparza Liberal, María José
_94347
245 1 0 _aLa cera en México
_barte e historia
_cMaría José Esparza Liberal, Isabel Fernández de García-Lascurain ; prólogo Teresa Castelló Yturbide.
260 _aMéxico
_bFomento Cultural Banamex
_c1994
300 _a253 p.
_bil. a color
_c33 cm.
504 _aBibliografía: p. 242-251
650 1 4 _aModelado con cera
_xHistoria
_zMéxico
_94348
700 1 _aGarcía-Lascurain, Isabel Fernández de
_94349
700 1 _aCastelló Yturbide, Teresa
_92444
942 _2lcc
_cB
999 _c1192
_d1192